000 00535cam a2200217 4500
001 B1715
008 090401t1988 xxu||||| |||| 00| 0 eng d
035 _a(Sirsi) u45953
041 _aeng
050 _a333.335
110 _aSavills
_92020
245 _aSavills - IPD agricultural performance analysis 1987
260 _aLondon
_bSavills
_c1988
300 _a12p. ; 30cm.
350 _a80
650 _aFARM LAND
650 _aINVESTMENT
710 _aInvestment Property Databank
_92288
942 _n0
948 _c04/03/1997
999 _c91854
_d91854